|
|
|
|
| LEADER |
00000nam a22000007a 4500 |
| 005 |
20170622002333.0 |
| 007 |
cr|||| |||| |
| 008 |
170622s2015 es |||||s|||| 00||0 spa d |
| 020 |
|
|
|a 13: 978-84-9961-190-
|
| 035 |
|
|
|a 20367
|
| 040 |
|
|
|a vLex
|
| 090 |
|
|
|c 6788
|d 6788
|
| 100 |
1 |
|
|a Sagardoy Bengoechea, Juan Antonio
|
| 245 |
1 |
2 |
|a El derecho del trabajo a mis 80 aǫs
|h [Recurso electrn̤ico] /
|c Juan Antonio Sagardoy Bengoechea
|
| 256 |
|
|
|a Servicio en ln̕ea
|
| 260 |
|
|
|a Madrid:
|b Editorial Universitaria Ramn̤ Areces,
|c 2015
|
| 300 |
|
|
|a 1 recurso electrn̤ico
|
| 500 |
|
|
|a Titulo compuesto por dos libros encuadernados en un mismo volumen, con cubiertas y texto inverso, escrito por los profesores Luis Enrique de la Villa y Juan Antonio Sagardoy, con motivo de sus 80 aǫs. Reflexiones sobe la disciplina de Derecho del trabajo enfocadas en el pasado, presente y futuro.
|
| 506 |
1 |
|
|a Disponible solo en los productos indicados
|d vLex Global
|d vLex Global (Academic Edition, excluding Law Schools)
|d vLex Global (U.S. Academic Edition, Law Schools)
|d vLex Global (U.S. Academic Edition, excluding Law Schools)
|d vLex Global (Academic Edition, Law Schools)
|
| 650 |
0 |
4 |
|a Derecho Laboral y Seguridad Social
|z Espaą
|
| 740 |
0 |
|
|a vLex Libros (Servicio en ln̕ea)
|
| 856 |
4 |
0 |
|u http://vlex.com/source/derecho-del-trabajo-a-mis-80-a-os-20367
|z Acceso restringido
|
| 942 |
|
|
|c BOOK
|
| 999 |
0 |
|
|a Labor law and social security
|